| 000 -LEADER |
| fixed length control field |
01400cam a2200337 4500 |
| 001 - CONTROL NUMBER |
| control field |
3156484 |
| 003 - CONTROL NUMBER IDENTIFIER |
| control field |
NUST |
| 005 - DATE AND TIME OF LATEST TRANSACTION |
| control field |
20190911051517.0 |
| 008 - FIXED-LENGTH DATA ELEMENTS--GENERAL INFORMATION |
| fixed length control field |
720216s1971 dcua b 000 0 eng |
| 010 ## - LIBRARY OF CONGRESS CONTROL NUMBER |
| LC control number |
74180696 |
| 038 ## - RECORD CONTENT LICENSOR |
| Staff Name |
MSOHAIL |
| 040 ## - CATALOGING SOURCE |
| Original cataloging agency |
DLC |
| Transcribing agency |
DLC |
| Modifying agency |
DLC |
| 050 00 - LIBRARY OF CONGRESS CALL NUMBER |
| Classification number |
TE7 |
| Item number |
.N25 no. 122 |
| Classification number |
HE336.E3 |
| 082 00 - DEWEY DECIMAL CLASSIFICATION NUMBER |
| Classification number |
625.708 |
| -- |
388.11 |
| Author Mark |
ZEL |
| 100 1# - MAIN ENTRY--PERSONAL NAME |
| Personal name |
Winfrey, Robley, |
| Dates associated with a name |
1899- |
| 9 (RLIN) |
20146 |
| 245 10 - TITLE STATEMENT |
| Title |
Summary and evaluation of economic consequences of highway improvements |
| Statement of responsibility, etc. |
[by] Robley Winfrey and Carl Zellner. |
| 260 ## - PUBLICATION, DISTRIBUTION, ETC. |
| Place of publication, distribution, etc. |
[Washington] |
| Name of publisher, distributor, etc. |
Highway Research Board, National Research Council, |
| Date of publication, distribution, etc. |
1971. |
| 300 ## - PHYSICAL DESCRIPTION |
| Extent |
324 p. |
| Other physical details |
illus. |
| Dimensions |
29 cm. |
| 350 ## - PRICE (NR) (BK AM CF MU VM SE) [OBSOLETE] |
| Price |
$13.60 |
| 490 1# - SERIES STATEMENT |
| Series statement |
National Cooperative Highway Research Program. Report |
| Volume/sequential designation |
122 |
| 500 ## - GENERAL NOTE |
| General note |
"NCHRP project 2-11 FY '67." |
| 500 ## - GENERAL NOTE |
| General note |
"Research sponsored by the American Association of State Highway Officials in cooperation with the Federal Highway Administration." |
| 504 ## - BIBLIOGRAPHY, ETC. NOTE |
| Bibliography, etc. note |
Includes bibliographical references. |
| 650 #0 - SUBJECT ADDED ENTRY--TOPICAL TERM |
| Topical term or geographic name entry element |
Roads |
| General subdivision |
Economic aspects. |
| 9 (RLIN) |
20147 |
| 700 1# - ADDED ENTRY--PERSONAL NAME |
| Personal name |
Zellner, Carl A., |
| Relator term |
joint author. |
| 9 (RLIN) |
20148 |
| 710 2# - ADDED ENTRY--CORPORATE NAME |
| Corporate name or jurisdiction name as entry element |
American Association of State Highway Officials. |
| 9 (RLIN) |
19665 |
| 710 1# - ADDED ENTRY--CORPORATE NAME |
| Corporate name or jurisdiction name as entry element |
United States. |
| Subordinate unit |
Federal Highway Administration. |
| 9 (RLIN) |
20149 |
| 830 #0 - SERIES ADDED ENTRY--UNIFORM TITLE |
| Uniform title |
Report (National Cooperative Highway Research Program) ; |
| Volume/sequential designation |
122. |
| 9 (RLIN) |
20150 |
| 906 ## - LOCAL DATA ELEMENT F, LDF (RLIN) |
| a |
7 |
| b |
cbc |
| c |
orignew |
| d |
2 |
| e |
ncip |
| f |
19 |
| g |
y-gencatlg |
| 942 ## - ADDED ENTRY ELEMENTS (KOHA) |
| Source of classification or shelving scheme |
|
| Koha item type |
Book |